Seinfeld-ism or HIMYM-ism Quiz Stats

Quiz Updated Nov 2, 2015

Also try: Click A Bro
Challenge
Share
Tweet
Embed
Score 0/30 Timer 03:00
4 Plays Today
-ism (S)einfeld or (H)IMYM? % Correct
Legen-Wait for it-dary???
95.6%
NO SOUP FOR YOU???
95%
The Bro Code???
94.9%
Suit Up!???
94.8%
Slap Bet???
93.8%
Yada Yada Yada???
93.6%
Low-talker???
92.2%
The Cheerleader Effect???
91.8%
Shrinkage???
91.5%
Lawyered!???
91.5%
Festivus???
91.3%
The Playbook???
91.2%
Art Vandelay???
91%
The Mermaid Theory???
89.8%
Anti-dentite???
89.8%
-ism (S)einfeld or (H)IMYM? % Correct
Spongeworthy???
89.5%
Master of your domain???
89.2%
SERENITY NOW???
88.5%
Cockamouse???
87.5%
The Platinum Rule???
86.7%
Re-gifter???
86.4%
Double Dip???
86.1%
The Jerk Store???
86%
Baskiceball???
84.8%
Woo Girl???
84.3%
Jimmy legs???
83.6%
Pigman???
82.1%
Desperation Day???
82%
The Lemon Law???
78.9%
Shiksappeal???
74.3%

You're not logged in!

Compare scores with friends on all Sporcle quizzes.
Join for Free
OR
Log In

You Might Also Like...

Show Comments

Extras

Top Quizzes Today


Score Distribution

Your Account Isn't Verified!

In order to create a playlist on Sporcle, you need to verify the email address you used during registration. Go to your Sporcle Settings to finish the process.

Report this User

Report this user for behavior that violates our Community Guidelines.

Details: